Resolving community disputes- the impact of neighbourhood mediation (Record no. 71160)

MARC details
000 -LEADER
fixed length control field 01064cam a2200205 4500
001 - CONTROL NUMBER
control field ABS65924
008 - FIXED-LENGTH DATA ELEMENTS--GENERAL INFORMATION
fixed length control field 020917n2002 000 0 eng u
035 ## - SYSTEM CONTROL NUMBER
System control number (Sirsi) u119726
100 ## - MAIN ENTRY--PERSONAL NAME
Personal name Gray, J
245 ## - TITLE STATEMENT
Title Resolving community disputes- the impact of neighbourhood mediation
260 ## - PUBLICATION, DISTRIBUTION, ETC.
Date of publication, distribution, etc. 2002
490 ## - SERIES STATEMENT
Series statement Axis
Volume/sequential designation July-August 2002, 6-7(2)
520 ## - SUMMARY, ETC.
Summary, etc. Summarises the condition of the neighbour mediation sector, as described in "Responding to community conflict: a review of neighbourhood mediation" by Gray, J. It concludes that the demise of the Housing Benefit (Withdrawal of payment) Bill will lead to more mediation to resolve problems between neighbours and within the wider community. It recommends advice on community mediation can be found at www.mediationuk.org.uk
590 ## - LOCAL NOTE (RLIN)
Local note ABS
650 ## - SUBJECT ADDED ENTRY--TOPICAL TERM
Topical term or geographic name entry element HOUSING BENEFIT (WITHDRAWAL OF PAYMENT) BILL
650 ## - SUBJECT ADDED ENTRY--TOPICAL TERM
Topical term or geographic name entry element MEDIATION
650 ## - SUBJECT ADDED ENTRY--TOPICAL TERM
Topical term or geographic name entry element MANAGEMENT-DISPUTE AVOIDANCE, MANAGEMENT AND RESOLUTION-DISPUTE MANAGEMENT AND RESOLUTION-ARBITRATION
690 ## - LOCAL SUBJECT ADDED ENTRY--TOPICAL TERM (OCLC, RLIN)
Topical term or geographic name as entry element Dispute resolution
9 (RLIN) 6236
942 ## - ADDED ENTRY ELEMENTS (KOHA)
Suppress in OPAC 0
Holdings
Withdrawn status Lost status Source of classification or shelving scheme Damaged status Not for loan Home library Current library Shelving location Date acquired Total Checkouts Full call number Barcode Date last seen Copy number Price effective from Koha item type
    Dewey Decimal Classification     London London Journal article 17/09/2002   ABS65924 119726-1001 06/08/2019 1 06/08/2019 Journal article